Pathogenicity of verticillium lecanii to aphis craccivora (Homoptera: Apbididae) (Record no. 58139)

MARC details
000 -LEADER
fixed length control field 01598cab a2200301Ia 45 0
001 - CONTROL NUMBER
control field u208373
003 - CONTROL NUMBER IDENTIFIER
control field SIRSI
008 - FIXED-LENGTH DATA ELEMENTS--GENERAL INFORMATION
fixed length control field 120426s2003 ua ss b eng d
040 ## - CATALOGING SOURCE
Original cataloging agency EAL
041 ## - LANGUAGE CODE
Language code of text/sound track or separate title eng
Language code of summary or abstract ara
090 ## - LOCALLY ASSIGNED LC-TYPE CALL NUMBER (OCLC); LOCAL CALL NUMBER (RLIN)
Classification number (OCLC) (R) ; Classification number, CALL (RLIN) (NR) ART ZJAR V30 No3 22
100 1# - MAIN ENTRY--PERSONAL NAME
Personal name Aly, Safaa H.
240 10 - UNIFORM TITLE
Uniform title Zagazig journal of agricultural research, 2003 v. 30 (3)
Medium [electronic resource].
245 10 - TITLE STATEMENT
Title Pathogenicity of verticillium lecanii to aphis craccivora (Homoptera: Apbididae)
Medium [electronic resource].
246 15 - VARYING FORM OF TITLE
Title proper/short title التأثير المرضي للفطر Verticillium Lecanii على Aphis craccivora.
300 ## - PHYSICAL DESCRIPTION
Extent p.957-968.
504 ## - BIBLIOGRAPHY, ETC. NOTE
Bibliography, etc. note Includes references.
520 ## - SUMMARY, ETC.
Summary, etc. Research studies were undertaken to investigate the possibility of using Verticillium Lecanii as a biological control agent for the control of Aphis craccivora. The Present work reported successful infection by V. Lecanii to the aphid Aphis craccivora. Pathogenicity test as well as the effect on some changes in certain biochemical components of treated nymphs were done. Results indicated that LC50 and LC90 were 0.85 x 107 and 2.7 x 107 spores/mL, respectively The tests proved reductions in total protein, fat, and- amylase enzyme.
546 ## - LANGUAGE NOTE
Language note Summary in Arabic.
596 ## -
-- 1
650 #0 - SUBJECT ADDED ENTRY--TOPICAL TERM
Topical term or geographic name entry element Homoptera.
650 #0 - SUBJECT ADDED ENTRY--TOPICAL TERM
Topical term or geographic name entry element Aphids
General subdivision Biological control.
650 #0 - SUBJECT ADDED ENTRY--TOPICAL TERM
Topical term or geographic name entry element Aphis.
650 #3 - SUBJECT ADDED ENTRY--TOPICAL TERM
Topical term or geographic name entry element Aphis craccivora
650 #3 - SUBJECT ADDED ENTRY--TOPICAL TERM
Topical term or geographic name entry element Torrubiella confragosa
773 0# - HOST ITEM ENTRY
Title Zagazig Journal of Agricultural Research.
Related parts 2003.v.30(3)
International Standard Serial Number 1110-0338
Control subfield nnas
Record control number u158356
856 40 - ELECTRONIC LOCATION AND ACCESS
Uniform Resource Identifier <a href="http://nile.enal.sci.eg/EALE/2003/ZJAR/3003/3/957.pdf">http://nile.enal.sci.eg/EALE/2003/ZJAR/3003/3/957.pdf</a>
Public note Full Text Article.
942 ## - ADDED ENTRY ELEMENTS (KOHA)
Koha item type Articles
Source of classification or shelving scheme Library of Congress Classification

No items available.


Home | About ENAL | Collections | Services | Activities | Calendar | Contact us

7 Nadi El Sayed St., Giza, Egypt | Phone:02-33351121 +02-33351313 | 
| Email: enalegypt@gmail.com